000 00477nam a2200181Ia 4500
001 4605
005 20260306145808.0
008 260306t2016||||xx |||||||||||||| ||spa||
041 _aESP
082 _a327.1
_bV63
100 _aVidarte A., Oscar
_eAUT
245 0 _aEl Perú, las Américas y el mundo 2014-2015:
_bopinión pública y política exterior
260 _c2016
300 _a139 páginas :
_c20 cm.
650 _aGEN
654 _aCHU
942 _cLIB
_dJUS
_fJUS
_2ddc
_n
999 _c4605
_d4605